000 03707nam0a2200361 4500
001 RU\NLR\BIBL_A\012793672
005 20230821102821.0
010 _a978-5-9509-0455-4
_9100 (1-й з-д 50)
021 _aRU
_bКН-П-22-006371
_9КН-П-22-0511
035 _a(NLR Aleph) 012793672
035 _a(RuMoRGB)010970870
090 _a13160580
_c13160580
100 _a20220520d2021 m y0rusy50 ca
101 0 _arus
102 _aRU
105 _aa j 000zy
181 1 _ai
_baxxe
182 1 _an
200 1 _aОсновы транспортно-экспедиторского обслуживания
_eучебное пособие
_fА. В. Галин
_gФедеральное агентство морского и речного транспорта, Федеральное государственное бюджетное образовательное учреждение высшего образования Государственный университет морского и речного флота имени С. О. Макарова, Институт международного транспортного менеджмента, Кафедра управления транспортными системами
203 _aТекст
_bвизуальный
_cнепосредственный
210 _aСанкт-Петербург
_cИзд-во ГУМРФ им. адм. С.О. Макарова
_d2021
_eСанкт-Петербург
215 _a113, [1] с.
_cил.
_d21
300 _aПеред вып. дан. авт.: Галин Александр Валентинович, д-р техн. наук, доц.
320 _aБиблиогр.: с. 113-114 (25 назв.)
330 _aСоответствует Федеральному государственному образовательному стандарту по направлению подготовки <Технология транспортных процессов>. В пособии рассмотрены современные методы транспортно-экспедиторского обслуживания, используемые в процессе доставки грузов, описана его нормативная и правовая база. Большое внимание уделено особенностям осуществления данного рода деятельности на различных видах транспорта, изучению современных методов и средств взаимодействия с подрядчиками и клиентами, а также вопросов слежения или осуществления контроля процесса доставки грузов. Приведены примеры планирования и организации транспортно-экспедиторской деятельности компании в процессе доставки грузов различными видами транспорта, которые могут быть использованы студентами в процессе их будущей практической деятельности
606 1 _aТранспортно-экспедиционное дело
_jУчебные издания для высших учебных заведений
_91298297
_3RU\NLR\AUTH\66219981
675 _a656.073(075.8)
_v4
686 1 _aО184.05я73-1
700 1 _aГалин
_bА. В.
_gАлександр Валентинович
942 _cBOOK
980 _aNB